00353 a2200121 4500001000700000020000600007040001100013100003200024240008000056245007500136362000900211440001100220167740 a  cMagnum aFreitas, Marcos Cezar (Org)10aA reivencao do futuro: trabalho, educacao, politica na globalizacao...lpor10aA reivencao do futuro: trabalho, educacao, politica na globalizacao...0 a1899 1aCortez